000 00340nam a22001457a 4500
020 _qPB.
040 _cFIZZA ISHAQ
082 _a005.1
_bJAL
100 _aJALOTE.
_991929
245 _aAN INTEGRATED APPROACH TO SOFTWARE ENGINEERING /
_cJALOTE.
250 _a3rd ED.
260 _aSSBM ;
_c2005.
300 _a566 P. ;
942 _2ddc
_cBK
999 _c590047
_d590047